FIFA 22 Highest Dribbling stats - Statistics

General Stats
  • This quiz has been taken 91 times
  • The average score is 12 of 20
Answer Stats
League Country Dribbling Answer % Correct
Ligue 1 (France 1) Argentina 95 Messi
100%
Ligue 1 (France 1) Brazil 94 Neymar Jr.
100%
Ligue 1 (France 1) France 92 Mbappe
99%
Premier League (England 1) Egypt 90 Mohamed Salah
80%
Premier League (England 1) Senegal 89 Sadio Mane
78%
Premier League (England 1) Algeria/ Maybe French 90 Riyad Mahrez
64%
Ligue 1 (France 1) Italy 91 Marco Verratti
61%
Premier League (England 1) Portugal 91 Bernardo Silva
59%
La Liga (Spain 1) Belgium 88 Eden Hazard
55%
La Liga (Spain 1) Netherlands 88 Frenkie De Jong
53%
Bundesliga (German 1) France 88 Kingsley Coman
53%
Premier League (England 1) Brazil 90 Thiago Silva
53%
Serie A (Italy 1) Argentina 90 Paulo Dybala
51%
Premier League (England 1) Brazil 89 Roberto Firmino
46%
Premier League (England 1) England 91 Jadon Sancho
42%
Premier League (England 1) Croatia 88 Mateo Kovacic
41%
Premier league (England 1) English 88 Jack Grealish
39%
Serie A (Italy 1) Belgium 88 Dries Mertens
32%
Serie A (Italy 1) Italy 90 Lorenzo Insigne
32%
La Liga (Spain 1) Brazil 88 Philippe Coutinho
22%
No matching quizzes found
Score Distribution
Percent of People with Each Score
Percentile by Number Answered
Your Score History
You have not taken this quiz